000 00818nam a2200241 i 4500
001 bg
100 1 _aBANAK-TABKOWSKA, Janina
245 1 0 _aRozdział i analiza ciekłych węglopochodnych /
_cJanina Banak-Tabkowska, Anna Tomaszkiewicz-Potępa ; Politechnika Krakowska im. Tadeusza Kościuszki.
260 _aKraków :
_bPK,
_c1996.
300 _a150 s. :
_brys. wykr. ;
_c24 cm.
504 _aBibliogr. przy rozdz.
521 _aSkrypt dla studentów wyższych szkół technicznych.
650 9 _aWęgiel (chem.)
_xzwiązki
_xtechnologia
_xbadanie
655 _aPodręczniki akademickie
700 1 _aTOMASZKIEWICZ-POTĘPA, Anna
020 _a8390387824
040 _cBPK
041 0 _apl
080 _a661.66(075.8)
920 _a83-903878-2-4
942 _cKS
008 s pl f |000 0 pol
999 _c31570
_d31570
856 _uhttp://koha.tu.koszalin.pl/cgi-bin/koha/opac-detail.pl?biblionumber=31570
_yKatalog online BPK